000 00906nam a2200217Ia 4500
008 130821s2002 sp a gr spa
020 _a8497040341
040 _aCo-BoUCM
_bspa
041 0 0 _aspa
245 0 3 _aLa memoria del mundo cien años de museología [1900-2000]
_cMaría Bolaños, editora
260 _aMadrid (España)
_bEdiciones Trea
_c2002
300 _a413 páginas
_bilustraciones
490 0 _aBiblioteconomía y Administración Cultural
_v6
500 _aRecopilación comentada de los textos más representativos e influyentes, sobre la historia de la museología internacional durante el último siglo.
650 0 4 _aBibliotecología
_910049
650 0 4 _aMuseografía
_xHistoria
_y1900-2000
_919970
650 0 4 _aMuseos
_xHistoria
_y1900-2000
_919971
700 1 _aBolaños, María
_eed.
_9165806
942 _cLIBRO
_a3
_e1
_mM533
_2DEWEY
_h069.09
999 _c63505
_d63505